| 000 | 00519nam a2200181Ia 4500 | ||
|---|---|---|---|
| 001 | 24703 | ||
| 005 | 20260414151101.0 | ||
| 008 | 260414t2008||||xx |||||||||||||| ||spa|| | ||
| 041 | _aESP | ||
| 082 |
_a345.725 _bM26 |
||
| 100 |
_aGuilherme Marinoni, Luis _eAUT |
||
| 245 | 0 |
_aTutela específica de los derechos : _bnecesidades del derecho material, tutela de los derechos y técnica procesal |
|
| 260 | _c2008 | ||
| 300 |
_a540 páginas : _c21 cm. |
||
| 650 | _aDER | ||
| 654 | _aCDE | ||
| 942 |
_cLIB _dJUS _fJUS _2ddc _n |
||
| 999 |
_c24703 _d24703 |
||